000 00436pab a2200181 454500
008 180718b2017 xxu||||| |||| 00| 0 eng d
100 _aNaik, Srikara
245 _aWeaker sections: welfare and development
260 _c2017
300 _ap.79-82.
362 _aMar
650 _aBackward classes - India
650 _aBudgets - India
650 _aBudgets
700 _aBansal, Anjali
773 _aYojana
909 _a113934
999 _c113928
_d113928